The effect of shortening post length on the fracture resistance of endodontically treated teeth /
Saved in:
| Main Author: | |
|---|---|
| Format: | Thesis Book |
| Language: | English |
| Published: |
2008.
|
| Subjects: | |
| Tags: |
Add Tag
No Tags, Be the first to tag this record!
|
| LEADER | 00894cam a2200241 a 4500 | ||
|---|---|---|---|
| 001 | u776490 | ||
| 003 | SIRSI | ||
| 005 | 200907291633 | ||
| 008 | 090729s2008 my a m 000 0 eng | ||
| 040 | |a UMG | ||
| 096 | |a WU113 |b UM 2008 Ara | ||
| 100 | 1 | |a Arandi, Naji Ziad | |
| 245 | 1 | 4 | |a The effect of shortening post length on the fracture resistance of endodontically treated teeth / |c Naji Ziad Arandi. |
| 260 | |c 2008. | ||
| 300 | |a xiv, 114 leaves : |b ill. (some col.) ; |c 30 cm. | ||
| 502 | |a Dissertation (M.Conserv.Dent.) -- Jabatan Pemeliharaan Gigi, Fakulti Pergigian, Universiti Malaya, 2006. | ||
| 504 | |a Bibliography : leaves 91-105. | ||
| 710 | |a Universiti Malaya. |b Jabatan Pergigian Konservatif. | ||
| 650 | 1 | 2 | |a Dental Leakage. |
| 650 | 2 | 2 | |a Dentin-Bonding Agents. |
| 900 | |a HA | ||
| 596 | |a 10 | ||
| 999 | |a WU113 UM 2008 ARA |w NLM |c 1 |i A503687550 |l STACKS |m P10PERGIGI |r Y |s Y |t TESIS |u 11/9/2009 | ||
